Les villes du circuit des sites fortifiés du Nord - Statistiques

Statistiques générales
  • Ce quiz a été pris 8 fois
  • Le résultat moyen est 6 sur 17
Statistiques - réponses
Réponse % Correct
59 L Lille
75%
62 A Arras
63%
62 C Calais
63%
59 B Bergues
50%
62 B Béthune
50%
59 M Maubeuge
50%
62 S Saint-Omer
50%
59 A Avesnes-sur-Helpe
38%
62 B Boulogne-sur-Mer
38%
59 C Cambrai
38%
59 G Gravelines
25%
62 M Montreuil-sur-Mer
25%
62 A Ambleteuse
13%
59 B Bouchain
13%
59 L Le Quesnoy
13%
62 A Aire-sur-la-Lys
0%
59 C Condé-sur-l'Escaut
0%
Aucun quiz correspondant
Distribution des résultats
% des personnes avec chaque résultat
Percentile par nombre de réponses
Votre historique - résultats
Vous n’avez pas pris ce quiz